Ultimate Sitcom Character Quiz - Part 2 - Statistics

General Stats
  • This quiz has been taken 12 times
  • The average score is 38 of 200
Answer Stats
Answer % Correct
Jerry Seinfeld
88%
Alex Dunphy
75%
Claire Dunphy
75%
Cosmo Kramer
75%
Elaine Benes
75%
Estelle Costanza
75%
Frank Costanza
75%
George Costanza
75%
Haley Dunphy
75%
Luke Dunphy
75%
Morty Seinfeld
75%
Newman
75%
Phil Dunphy
75%
Gloria Delgado-Pritchett
63%
Helen Seinfeld
63%
Jay Pritchett
63%
Lily Tucker-Pritchett
63%
Mitchell Pritchett
63%
Albert Spencer / King George
50%
Ben
50%
Buster Bluth
50%
Cameron Tucker
50%
Frank Dunphy
50%
George Bluth
50%
George Michael Bluth
50%
Jacopo "J." Peterman
50%
Jerry
50%
Joe Pritchett
50%
Li'l Jerry
50%
Lindsay Bluth
50%
Lucille Bluth
50%
Manny Delgado
50%
Michael Bluth
50%
Oscar Bluth
50%
Regina Mills / Evil Queen
50%
Annyong Bluth
38%
Becky Pritchett
38%
Cora Mills / Queen of Hearts
38%
David Nolan / Prince Charming
38%
DeDe Pritchett
38%
Donnie Pritchett
38%
Dylan Marshall
38%
Emma Swan
38%
George Steinbrenner
38%
Henry Mills
38%
Killian Jones / Captain Hook
38%
Maeby Fünke
38%
Mr Gold / Rumplestiltskin
38%
Peter Pan
38%
Soup Nazi
38%
Susan Ross
38%
Tiger Lily
38%
Tobias Fünke
38%
Tracey Bluth
38%
Andy Bailey
25%
Anna
25%
Ann Veal
25%
Barb Tucker
25%
Bo Johnson
25%
Elsa
25%
Lucille Austero
25%
Mary Margaret Blanchard / Snow White
25%
Merle Tucker
25%
Mr Ross
25%
Mrs Ross
25%
Murphy Brown Fünke
25%
Pam Tucker
25%
Sal
25%
Sally Sitwell
25%
Sherman "Pepper" Saltzman
25%
Stan Sitwell
25%
Tim Whatley
25%
Tinker Bell
25%
Ariel
13%
Bill
13%
Bob
13%
Carl Weathers
13%
Cruella De Vil
13%
David Puddy
13%
General Anderson
13%
G.O.B
13%
Graham Hubert / Huntsman
13%
Ingrid / Snow Queen
13%
Javier Delgado
13%
Kathryn Nolan / Princess Abigail
13%
King Arthur
13%
Lacey / Belle French
13%
Lancelot
13%
Larry
13%
Larry Middleman
13%
Leroy / Grumpy
13%
Martha Estrella
13%
Mort Meyers
13%
Mulan
13%
Officer Taylor
13%
Princess Aurora
13%
Rebel Alley
13%
Robin Hood
13%
Ron Howard
13%
Ruby / Red Lucas
13%
Steve Holt
13%
Terry Veal
13%
Tom Jane
13%
Tony Wonder
13%
Ursula
13%
William Smee
13%
Amber LaFontaine
0%
Andy Richter
0%
Archibald Hopper / Jiminy Cricket
0%
August Wayne Booth / Pinocchio
0%
Babu Bhatt
0%
Barry Zuckerkorn
0%
Beth
0%
Beth Baerly
0%
Bethenny
0%
Blind Witch
0%
Blue Fairy
0%
Bob Cobb / Maestro
0%
Bob Loblaw
0%
Bob Sacamano
0%
Cedric
0%
Chareth Richter
0%
"Crazy" Joe Davola
0%
Crispin
0%
DeBrie Bardeaux
0%
Donald Sanger / Bubble Boy
0%
Donnie Richter
0%
Dr. Arvin Fennerman
0%
Dr Henry Jekyll
0%
Dr Wexler
0%
Dr Whale / Dr Victor Frankenstein
0%
Earl Chambers
0%
Emmett Richter
0%
Father Curtis
0%
Fiona / Black Fairy
0%
Franklin Demano Romanowski
0%
Gene Parmesan
0%
George Marshall
0%
Gideon
0%
Gil Thorpe
0%
Granny
0%
Hades
0%
Herbert Love
0%
Izzy Mandelbaum
0%
Jackie Chiles
0%
Jack Klompus
0%
Jake Jarmel
0%
Jason Hankby
0%
Jefferson / Mad Hatter
0%
John Beard
0%
Judge Reinhold
0%
Justin Pitt
0%
J. Walter Weatherman
0%
Kenny Bania
0%
Kitty Sanchez
0%
Kristoff
0%
Lloyd Braun
0%
Longines
0%
Lupe
0%
Mabel Choate
0%
Maleficent
0%
Marcelino
0%
Marco / Geppetto
0%
Marisa Tomei
0%
Marky Bark
0%
Matt Wilhelm
0%
Merlin
0%
Mickey Abbott
0%
Mr Hyde
0%
Mr Kruger
0%
Mr Lippman
0%
Nana
0%
Neal Cassidy / Baelfire
0%
Owen Flynn / Greg Mendell
0%
Paul Huan
0%
Pilar Ramirez
0%
Poppy Marshall
0%
Prince Phillip
0%
Rainer Shine
0%
Rita Leeds
0%
Rocky Richter
0%
Ronaldo
0%
Ronnie LaFontaine
0%
Sally Weaver
0%
Sanjay Patel
0%
Sherry Shaker
0%
Sidney Glass / Genie
0%
Sonia Ramirez
0%
Stefan Gentles
0%
Stella
0%
Sue Ellen Mischke
0%
Tammy LaFontaine
0%
The Drake
0%
Tony the Mechanic
0%
Uncle Leo
0%
Vincent "Shorty"
0%
Walt Kleezak
0%
Wyck Thayer
0%
Zelena / Wicked Witch
0%
No matching quizzes found
Score Distribution
Percent of People with Each Score
Percentile by Number Answered
Your Score History
You have not taken this quiz